| 000 | 00700nam a2200217 u 4500 | ||
|---|---|---|---|
| 005 | 20230310063536.0 | ||
| 008 | 090925s2005 cl r 000 0 spa d | ||
| 020 | _a9586558568 | ||
| 035 | _aUPN01000172636 | ||
| 049 | _aCG | ||
| 050 | 4 |
_aBF175.5 S9.3 _bM4.5 |
|
| 100 | 1 | _aMejía Correa, María Paulina | |
| 245 | 1 | 4 |
_aLas mujeres y el superyó / _cMaría Paulina Mejía Correa. |
| 260 |
_aMedellín, Col. : _bUniversidad de Antioquia, _c2005. |
||
| 300 | _a169 p. | ||
| 440 | 0 | _aPsicoanálisis, sujeto, sociedad | |
| 650 | 4 |
_aMUJERES Y PSICOANALISIS _99065 |
|
| 650 | 4 |
_aMujeres _xPsicología _95910 |
|
| 600 | 1 | 4 |
_aFreud, Sigmund, _d1856-1939 _xCrítica e interpretación _97006 |
| 905 | _aLibro | ||
| 999 |
_c144740 _d144740 |
||